Loading...
| Religion | 0 | 3 | 0 | 0 | 30 | 48 | 61.00 | 0 | 1 | 12.96 | 16.82 |
| Geography | 0 | 2 | 0 | 1 | 20 | 68 | 88.50 | 1 | 1 | 6.72 | 23.94 |
| Fine Arts - Classical Music | 0 | 2 | 0 | 2 | 20 | 126 | 127.00 | 0 | 0 | 0.14 | 3.03 |
| Literature - British | 0 | 1 | 0 | 0 | 10 | 108 | 108.00 | 0 | 0 | 0.48 | 0.76 |
| Literature - European | 0 | 1 | 0 | 0 | 10 | 110 | 110.00 | 0 | 0 | 0.40 | 1.52 |
| History - Other | 0 | 1 | 0 | 0 | 10 | 117 | 117.00 | 0 | 0 | 0.00 | 0.91 |
| Literature - American | 0 | 1 | 0 | 1 | 10 | 118 | 118.00 | 0 | 0 | 0.00 | 0.76 |
| Science - Biology | 0 | 1 | 0 | 0 | 10 | 77 | 77.00 | 0 | 0 | 1.56 | 2.48 |
| Science - Chemistry | 0 | 1 | 0 | 0 | 10 | 88 | 88.00 | 0 | 0 | 0.00 | 1.52 |
| Fine Arts - Other | 0 | 0 | 0 | 0 | 0 | 0.00 | 0 | 0 | 0.00 | 0.00 | |
| Social Science | 0 | 0 | 1 | 0 | -5 | 0.00 | 0 | 0 | 0.00 | 0.00 | |
| Mythology | 0 | 0 | 1 | 0 | -5 | 0.00 | 0 | 0 | 0.00 | 0.00 |